[Event "American Continental 03rd"]
[Site "Buenos Aires"]
[Date "2005.08.11"]
[Round "6"]
[White "Uribe, Mauricio"]
[Black "Orsini, Antonio"]
[Result "0-1"]
[WhiteElo "2373"]
[BlackElo "2233"]
[PlyCount "64"]
[EventDate "2005.08.06"]
[EventType "swiss"]
[EventRounds "11"]
[EventCountry "ARG"]
[SourceTitle "CBM 107 Extra"]
[Source "ChessBase"]
[SourceDate "2005.09.01"]
[SourceVersion "1"]
[SourceVersionDate "2005.09.01"]
[SourceQuality "1"]

1. e4 e6 2. d4 d5 3. e5 c5 4. c3 Nc6 5. Nf3 Qb6 6. a3 Nh6 7. b4 cxd4 8. cxd4 Nf5 9. Be3 f6 10. Bd3 Nxe3 11. fxe3 fxe5 12. b5 Nxd4 13. exd4 e4 14. Bxe4 dxe4 15. Ne5 Bd7 16. 0-0 0-0-0 17. Nf7 Bxb5 18. Nxd8 Bxf1 19. Nf7 Bd3 20. Nd2 Qxd4+ 21. Kh1 Rg8 22. Rc1+ Kb8 23. Qb3 Qf6 24. Nxe4 Qf4 25. Qc3 Bxa3 26. Qxa3 Bxe4 27. Nd6 Bc6 28. h3 Qf2 29. Rxc6 bxc6 30. Qb3+ Qb6 31. Qxe6 Rd8 32. Ne4 a5 0-1

[Event "American Continental 03rd"]
[Site "Buenos Aires"]
[Date "2005.08.08"]
[Round "3"]
[White "Benko, Francisco"]
[Black "Orsini, Antonio"]
[Result "0-1"]
[WhiteElo "2090"]
[BlackElo "2233"]
[PlyCount "65"]
[EventDate "2005.08.06"]
[EventType "swiss"]
[EventRounds "11"]
[EventCountry "ARG"]
[SourceTitle "CBM 107 Extra"]
[Source "ChessBase"]
[SourceDate "2005.09.01"]
[SourceVersion "1"]
[SourceVersionDate "2005.09.01"]
[SourceQuality "1"]

1. d4 d5 2. Nf3 c6 3. Bf4 Qb6 4. Qc1 Bf5 5. Nc3 e6 6. e3 Bb4 7. Bd3 Nf6 8. 0-0 0-0 9. Bxf5 exf5 10. Ne2 Qd8 11. c3 Bd6 12. Qc2 Ne4 13. Bxd6 Nxd6 14. Ne5 Re8 15. Ng3 g6 16. b3 Nd7 17. Nxd7 Qxd7 18. Rfe1 b5 19. Nf1 a5 20. a4 Rab8 21. Nd2 Ne4 22. Nxe4 fxe4 23. Reb1 Qe6 24. h3 Rb7 25. Ra2 Reb8 26. Rab2 f5 27. Qd2 g5 28. g3 Rf8 29. Kh2 Rf6 30. axb5 Rh6 31. Rg1 cxb5 32. Qd1 Rf7 33. f4 0-1

[Event "American Continental 03rd"]
[Site "Buenos Aires"]
[Date "2005.08.07"]
[Round "2"]
[White "Orsini, Antonio"]
[Black "Toniutti, Ezio"]
[Result "1/2-1/2"]
[WhiteElo "2233"]
[BlackElo "2051"]
[PlyCount "68"]
[EventDate "2005.08.06"]
[EventType "swiss"]
[EventRounds "11"]
[EventCountry "ARG"]
[SourceTitle "CBM 107 Extra"]
[Source "ChessBase"]
[SourceDate "2005.09.01"]
[SourceVersion "1"]
[SourceVersionDate "2005.09.01"]
[SourceQuality "1"]

1. e4 c5 2. Nf3 Nc6 3. d4 cxd4 4. Nxd4 g6 5. Nc3 Bg7 6. Be3 Nf6 7. Bc4 0-0 8. Bb3 a5 9. 0-0 a4 10. Nxa4 Nxe4 11. Nb5 Ra6 12. c4 Na5 13. Bc2 Nd6 14. Nxd6 Rxd6 15. Qe2 Nc6 16. c5 Nd4 17. Qd1 Nxc2 18. cxd6 Nxa1 19. Bb6 Qe8 20. dxe7 Qxe7 21. Bc5 d6 22. Bxd6 Qg5 23. Bxf8 Bxf8 24. Qc1 Qf5 25. Qxa1 b5 26. Nc3 Bb7 27. Qd1 b4 28. Ne2 h5 29. Qd2 Bc5 30. Ng3 Qf6 31. Rd1 Qc6 32. Kf1 Qxg2+ 33. Ke1 Ba6 34. Qf4 Qc6 1/2-1/2